00501 2200193 4500001002100000005001500021008004100036020002200077035001900099041000700118082001700125090001700142100001200159245003100171250000600202260004100208300003100249650002700280INLIS00000000001222520241224114326241224||||||||| | ||| |||| || |  a978-602-8318-27-3 0010-1224012225 aid0 a297.38 SOP m a297.38 SOP m0 aSopandi00aMengenal Aqiqah dan Qurban a1 aBandungbImperial Bhakti Utamac2009 aiv, 49 hlm.; ilus. : 21 cm 0aPendidikan Agama Islam